000 00469nam a2200193Ia 4500
003 OSt
005 20230609145429.0
008 210423s2005 xx 000 0 und d
040 _cAL
041 _aeng
082 _a658 IMSM
_223
100 _aSAJNANI (Kamlesh).
_9123376
245 _aMBA carer guide.
260 _aMumbai
_bIMS Learning Resource Pvt Ltd
_c2005
300 _a244
_bPB
365 _b150
_cINR
906 _acarer ; guide. ; MBA
942 _2ddc
_cBK
999 _c174279
_d174279